000 00377nam a2200169Ia 4500
100 _aMaurya/Rajesh K
650 _aComputer graphics
942 _cBK
366 _f25
654 _avirtual reality
245 _aComputer graphics with virtual reality systems
260 _bWiley India
_c2009
082 _a5.43
_bMAU
300 _a486
546 _aENGLISH
999 _c17858
_d17858